000 00942nam a22002657a 4500
999 _c9575
_d9575
003 AR-CdUCM
008 190328b ||||| |||| 00| 0 spa d
040 _aMUNICIPALIDAD PROVINCIAL DEL CUSCO
_cBIBLIOTECA MUNICIPAL DEL CUSCO
041 _heng
082 _a117 /
_bD26 / 1932
100 _aDarwin, C. G.
_925869
245 _aLas nuevas concepciones de la materia /
260 _aMadrid :
_bTolle Lege,
_c1932.
300 _a215 páginas ;
_blaminas,
_c18 cm.
440 _aBiblioteca de Ideas y Estudios Contemporáneos.
_925870
505 _aContenido: Las sombras -- La difracción de la materia -- El principio de incertidumbre -- El átomo -- La polarización ...
650 _aÁtomo
_921055
650 _aFísica
_92382
650 _aMateria
_9883
700 _aPerez Urruti, Manuel (traducción)
_925871
700 _aAguilar, M. (editor)
_925872
700 _aA. M. (coautor)
_925873
942 _2ddc
_cLIBROS
945 _aachl